• 首页
  • 本馆介绍
  • 公告通知
  • 最新文献
  • 馆藏检索
  • 电子资源
  • 读者导购
  • 参考咨询
  • 我的图书馆
  • 登录
  • 详细信息显示
  • 放入我的书架
  • 预约/预借图书
  • 作者相关作品
  • 分类相关作品
  • 丛书相关作品
  • 出版社相关作品

书目信息

  • 表格格式
  • 工作单格式
  • 卡片格式
题名:
流动的盛宴
    
 
作者: 海明威 著 ;马永波 , 毕国菊 , 曲学麟 译
分册:  
出版信息: 南京   江苏凤凰文艺出版社  2017.1
页数: 362页
开本: 24cm
丛书名: 诺贝尔奖获奖者散文丛书
单 册:
中图分类: H319.4 , I712.65
科图分类:
主题词: 散文集--san wen ji--美国--现代
电子资源:
ISBN: 978-7-5594-0651-4
000 01091nam 2200301 450
001 2370398624
005 20231109180632.13
010    @a978-7-5594-0651-4@dCNY59.00
092    @aCN@b人天809-2049
100    @a20171205d2017 em y0chiy50 ea
101 1  @achi@ceng
102    @aCN@b320000
105    @ay z 000cy
200 1  @a流动的盛宴@Aliu dong de sheng yan@f(美) 欧内斯特·海明威著@g马永波, 毕国菊, 曲学麟译
210    @a南京@c江苏凤凰文艺出版社@d2017.1
215    @a362页@d24cm
225 2  @a诺贝尔奖获奖者散文丛书@Anuo bei er jiang huo jiang zhe san wen cong shu
330    @a本书主要内容包括: 圣实歇尔广场的一家好咖啡馆、斯量因小姐的教诲、谜惘的一代、莎士比亚布局、塞纳河畔的人们等。
410  0 @12001 @a诺贝尔奖获奖者散文丛书
606 0  @a散文集@Asan wen ji@y美国@z现代
690    @aH319.4@v5
690    @aI712.65@v5
701  1 @a海明威@Ahai ming wei@g(Heimingway, Ernest),@f1899-1961@4著
702  0 @a马永波@Ama yong bo@4译
702  0 @a毕国菊@Abi guo ju@4译
702  0 @a曲学麟@Aqu xue lin@4译
801  0 @aCN@b山东中教@c20230926
905    @aBZT@dH319.4@e418
    
    流动的盛宴/(美) 欧内斯特·海明威著/马永波, 毕国菊, 曲学麟译.-南京:江苏凤凰文艺出版社,2017.1
    362页;24cm.-(诺贝尔奖获奖者散文丛书)
    
    
    ISBN 978-7-5594-0651-4:CNY59.00
    本书主要内容包括: 圣实歇尔广场的一家好咖啡馆、斯量因小姐的教诲、谜惘的一代、莎士比亚布局、塞纳河畔的人们等。
●
相关链接 在五车中查询图书 在当当中查询图书 在豆瓣中查询图书


正题名:流动的盛宴     索取号:H319.4/418         预约/预借

序号 登录号 条形码 馆藏地/架位号 状态 备注
1 2000965485   2000965485   315书库/四10架A面1层1列/ [索取号:H319.4/418] 在馆    
2 2000965486   2000965486   315书库/四10架A面1层1列/ [索取号:H319.4/418] 在馆    
3 2000965487   2000965487   315书库/四10架A面1层1列/ [索取号:H319.4/418] 在馆    
4 2000965488   2000965488   315书库/四10架A面1层1列/ [索取号:H319.4/418] 在馆    
5 2000965489   2000965489   315书库/四10架A面1层1列/ [索取号:H319.4/418] 在馆    
6 2000965490   2000965490   315书库/四10架A面1层1列/ [索取号:H319.4/418] 在馆    
山东省滨州职业学院图书馆 欢迎您!
大连网信软件有限公司© 版权所有